The Quantum of Damages : (Record no. 423)

MARC details
000 -LEADER
fixed length control field 00577nam a22001697a 4500
005 - DATE AND TIME OF INPUT
control field 20231108105719.0
008 - DATA ELEMENTS--GENERAL INFORMATION
fixed length control field 231108b |||||||| |||| 00| 0 eng d
041 ## - LANGUAGE CODE
Language code of text English
082 ## - SHELF NUMBER
DDC number 346.3 KEM
100 ## - MAIN AUTHOR
Main author's name Kemp, DA ; Kemp, MS and McOustra, CJC
Language of a work Englsih
245 ## - TITLE STATEMENT
Title The Quantum of Damages :
Sub-title Fatal Injury Claims /
Statement of responsibility, etc. DA Kemp, MS Kemp and CJC McOustra
250 ## - EDITION STATEMENT
Edition statement Second Edition
260 ## - PUBLICATION, DISTRIBUTION, ETC.
Place of publication, distribution, etc. London :
Name of publisher, distributor, etc. Sweet & Maxwell Limited,
Date of publication, distribution, etc. 1962
300 ## - PHYSICAL DESCRIPTION
Other physical details xxiii, 323 pages ;
Dimensions 23 cm.
650 ## - SUBJECT`
Broad subject Legal practice
Own subject terms Law
942 ## - ADDED ENTRY ELEMENTS (KOHA)
Item type Books
942 ## - ADDED ENTRY ELEMENTS (KOHA)
-- ALISON_BN_VRIES
Holdings
Source of classification or shelving scheme Volume number (bound volume or other part) Not for loan Collection code Home library Current library Shelving location Date acquired Full call number Barcode Price effective from Koha item type
Dewey Decimal Classification Volume 2   TEXT BOOKS LAW SOCIETY OF NAMIBIA LIBRARY - WINDHOEK LAW SOCIETY OF NAMIBIA LIBRARY - WINDHOEK Damage law 11/08/2023 346.3 KEM LSN/1988/34 11/08/2023 Books